000 01241nam a2200301 i 4500
001 9261
003 ES-MaACL
005 20230906145634.0
007 t|
008 930527s1991 sp ||||1| spa d
020 _a84-7483-792-8
080 _a902.6(463.8)
100 1 _aJimeno Martínez, Alfredo.
_966652
245 1 4 _aLos Tolmos de Caracena (Soria), (Campañas 1981 y 1982)
_b: aportación al Bronce Medio de la Meseta /
_cAlfredo Jimeno Martínez, J. Javier Fernández Moreno.
250 _a1ª ed.
260 _aMadrid :
_bInstituto de Conservación y Restauración de Bienes Culturales,
_c1991.
300 _a141 p., [4] h. pleg. :
_bil. ;
_c30 cm.
490 1 _aExcavaciones arqueológicas en España ;
_v161
500 _aIndice.
650 1 4 _aExcavaciones arqueológicas-
_zSoria (Provincia)
_912648
650 1 4 _aEdad del Bronce-
_zSoria (Provincia)
_912046
651 4 _aLos Tolmos (Soria)-
_xRestos arqueológicos prehistóricos.
_98931
700 1 _aFernández Moreno, J. Javier.
_949942
710 2 _aInstituto de Conservación y Restauración de Bienes Culturales (España)
_94845
830 0 _aExcavaciones arqueológicas en España ;
_v161
_9177264
852 _aES-MaACL
_jL-16429
_bR.120328
999 _c9261
_d9261